The effects of elevated temperature and hypoxia on the respiratory organs of pangasianodon hypophthalmus : PHD. dissertation major: Acquaculture

This is the first documentation which applied stereology to investigate morphometrics such as volume, respiratory surface area, harmonic mean diffusion distance of gills and swim bladder of striped catfish at normal condition and under elevated temperature or hypoxic conditions. Through these metric...

Celý popis

Uloženo v:
Podrobná bibliografie
Hlavní autor: Le, My Phuong
Médium: Kniha
Jazyk:Undetermined
Vydáno: Cần Thơ Trường Đại học Cần Thơ 2018
Témata:
Tagy: Přidat tag
Žádné tagy, Buďte první, kdo otaguje tento záznam!
Thư viện lưu trữ: Trung tâm Học liệu Trường Đại học Cần Thơ
LEADER 01150nam a2200217Ia 4500
001 CTU_228388
008 210402s9999 xx 000 0 und d
082 |a 639.31 
082 |b Ph561 
088 |a 9620301 
100 |a Le, My Phuong 
245 4 |a The effects of elevated temperature and hypoxia on the respiratory organs of pangasianodon hypophthalmus : 
245 0 |b PHD. dissertation major: Acquaculture 
245 0 |c Le My Phuong ; Đỗ Thị Thanh Hương, Mark Baylay (Supervisors) 
260 |a Cần Thơ 
260 |b Trường Đại học Cần Thơ 
260 |c 2018 
520 |a This is the first documentation which applied stereology to investigate morphometrics such as volume, respiratory surface area, harmonic mean diffusion distance of gills and swim bladder of striped catfish at normal condition and under elevated temperature or hypoxic conditions. Through these metrics, the capacity for respiration of this species can be evaluated and compared with other species. 
650 |a Cá nước ngọt,Freshwater fishes 
910 |b dqhieu 
980 |a Trung tâm Học liệu Trường Đại học Cần Thơ